Skład rządu Donalda Tuska - Statystyki

Ogólne statystyki
  • Ten quiz został rozwiązany 47 razy
  • Średni wynik to 9 z 22
Statystyki odpowiedzi
Funkcja Imię i Nazwisko % Poprawnych
Prezes Rady Ministrów Donald Tusk
94%
Minister obrony narodowej Władysław Kosiniak-Kamysz
77%
Minister spraw zagranicznych Radosław Sikorski
71%
Minister edukacji Barbara Nowacka
61%
Minister sprawiedliwości Waldemar Żurek
61%
Minister cyfryzacji Krzysztof Gawkowski
58%
Minister koordynator służb specjalnych Tomasz Siemoniak
52%
Minister rodziny, pracy i polityki społecznej Agnieszka Dziemianowicz-Bąk
48%
Minister finansów i gospodarki Andrzej Domański
48%
Minister spraw wewnętrzynych Marcin Kierwiński
48%
Minister funduszy i polityki regionalnej Katarzyna Pełczyńska-Nałęcz
42%
Minister energii Miłosz Motyka
39%
Minister klimatu i środowiska Paulina Hennig-Kloska
39%
Szef Kancelarii Prezesa Rady Ministrów Jan Grabiec
32%
Minister kultury Marta Cienkowska
29%
Minister infrastruktury Dariusz Klimczak
23%
Minister nauki i szkolnictwa wyższego Marcin Kulasek
23%
Minister zdrowia Jolanta Sobierańska-Grenda
19%
Minister ds. nadzoru nad wdrażaniem polityki rządu Maciej Berek
19%
Minister rolnictwa i rozwoju wsi Stefan Krajewski
19%
Minister aktywów państwowych Wojciech Balczun
19%
Minister sportu Jakub Rutnicki
16%
Nie znaleziono quizów pasujących do podanych kryteriów
Rozkład punktacji
Procent ludzi z każdym wynikiem
Percentyl według liczby udzielonych odpowiedzi
Twoja historia wyników
Nie rozwiązałeś tego quizu